00934nas a2200229Ia 4500001001100000003000900011008004100020040001300061040001300074041001200087100003800099210002400137222002400161245006300185250001100248260002700259501008600286300001000372362002300382500026000405650003900665R708/73561IT-RoPAU151124c99999999xx |||||||||||| ||und|| aIT-RoPAU cIT-RoPAU aINGLESE aAA.VV. gCodice Aut. SPICS: 12000 aBULLETIN (IASS-AIS) aBulletin (Iass-Ais) aBULLETIN, N.09 (MAGGIO 1986)bBulletin, N.09 (Maggio 1986) a1a ed. aVIENNAbIASS/AISc1986 bPaulus - SPICS - Società San Paolo EM (non-commercial uses only)cCopyright2015 a60 p. aN.09 (MAGGIO 1986) aBollettino dell'Associazione Internazionale di Studi Semiotici. Indirizzi del Membri dell'Associazione. Note su Vari Centri e Convegni di Semiotica. Rapporto Sul Ii Congresso Brasiliano di Semiotica a Cura di Maria Lucia Santaella Braga. X Incontro della  aSEMIOTICAvPUBBLICAZIONE PERIODICA